Подробности
| 000 -МАРКЕР |
| контрольное поле |
02751nam0a22004331 4500 |
| 001 - ИДЕНТИФИКАТОР ЗАПИСИ |
| контрольное поле |
RU\NLR\A1\22920 |
| 005 - ИДЕНТИФИКАТОР ВЕРСИИ |
| контрольное поле |
20260409064840.0 |
| 035 ## - ДРУГИЕ СИСТЕМНЫЕ НОМЕРА |
| Идентификатор записи |
(NLR Aleph) 009677381 |
| 100 ## - ДАННЫЕ ОБЩЕЙ ОБРАБОТКИ |
| Данные общей обработки |
19981120d1778 u y0rusy50 ca |
| 101 1# - ЯЗЫК РЕСУРСА |
| Язык текста, звукозаписи и т.д. |
русский |
| Язык оригинала |
латинский |
| 102 ## - СТРАНА ПУБЛИКАЦИИ ИЛИ ПРОИЗВОДСТВА |
| Страна публикации |
российская федерация |
| 200 1# - ЗАГЛАВИЕ И СВЕДЕНИЯ ОБ ОТВЕТСТВЕННОСТИ |
| Основное заглавие |
Самуила раввина иудейскаго Златое сочинение, |
| Сведения, относящиеся к заглавию |
Содержащее безпристрастныя о Христе разсуждения, на пророческих изречениях и действительном их исполнении, а наипаче на нынешнем состоянии рода иудейскаго и различных его переменах основанныя, которыми обличается слепота иудеев, тщетно по сие время ожидающих пришествия Мессии, и льстящих себя надеждою, паки от всех стран света быть собранным и с честию возвращенным во Иерусалим |
| Первые сведения об ответственности |
С латинскаго переведено Императорскаго Сухопутнаго шляхетнаго кадетскаго корпуса иеромонахом Варлаамом |
| 210 ## - ПУБЛИКАЦИЯ, РАСПРОСТРАНЕНИЕ И ДР. |
| Место издания, распространения и т.д. |
[СПб.] |
| Имя издателя, распространителя и т. д. |
Тип. Имп. Сухопут. шляхет. кадет. корпуса |
| Дата издания, распространения и т.д. |
1778 |
| 215 ## - ФИЗИЧЕСКАЯ ХАРАКТЕРИСТИКА |
| Специфическое обозначение материала и объем |
[8], 94 с. |
| Размеры |
12° |
| 317 ## - ПРИМЕЧАНИЯ О ПРОИСХОЖДЕНИИ ЭКЗЕМПЛЯРА |
| Текст примечания |
Экз. ИМПИ из б-ки Д. Г. Бурылина |
| Организация и экземпляр, к которому относится поле |
ИМПИ |
| 321 1# - ПРИМЕЧАНИЯ ОБ ОТДЕЛЬНО ИЗДАННЫХ УКАЗАТЕЛЯХ / РЕФЕРАТАХ / ССЫЛКАХ, ОТРАЖАЮЩИХ КАТАЛОГИЗИРУЕМЫЙ ДОКУМЕНТ |
| Примечания об указателях, рефератах, ссылках |
СК XVIII 6276 |
| 481 #0 - ТАКЖЕ В ЭТОМ ПЕРЕПЛЕТЕ |
| Встроенное поле |
001RU\NLR\A1\2494 |
| Системный номер (АБИС) связанной записи |
9668255 |
| Автор |
Вольтер, Ф. М. (1694-1778) |
| Место публикации |
В Санктпетербурге |
| Дата публикации |
1772 |
| Первые сведения об ответственности |
из сочинений г. Волтера |
| Имя издателя, распространителя и т.д. |
[Тип. Сухопут. кад. корпуса] |
| Физическая характеристика |
[8], 102 с. |
| Заглавие |
История о крестовых походах, |
| URL |
https://vivaldi.nlr.ru/bx000025231/view |
| 517 1# - ДРУГИЕ ВАРИАНТЫ ЗАГЛАВИЯ |
| Вариант заглавия |
Златое сочинение |
| 620 ## - МЕСТО И ДАТА ПУБЛИКАЦИИ, ИСПОЛНЕНИЯ И Т. Д. |
| Город |
Санкт-Петербург |
| 700 #0 - ИМЯ ЛИЦА - ПЕРВИЧНАЯ ОТВЕТСТВЕННОСТЬ |
| Графика поля |
Кириллица |
| Материалы, к которым относится поле |
rus |
| Начальный элемент ввода |
Самуил Марокканский |
| Даты |
12 в. |
| Идентификатор авторитетной/нормативной записи |
RU\NLR\AUTH\770234677 |
| Системный номер авторитетной/нормативной записи |
234621 |
| 702 #1 - ИМЯ ЛИЦА - ВТОРИЧНАЯ ОТВЕТСТВЕННОСТЬ |
| Начальный элемент ввода |
Варлаам |
| Код отношения |
Переводчик |
| 702 #1 - ИМЯ ЛИЦА - ВТОРИЧНАЯ ОТВЕТСТВЕННОСТЬ |
| Код отношения |
Бывший владелец |
| Материалы, к которым относится поле |
rus |
| Графика поля |
Кириллица |
| Начальный элемент ввода |
Бурылин |
| Часть имени, кроме начального элемента ввода |
Д. Г. |
| Даты |
1852-1924 |
| Расширение инициалов личного имени |
Дмитрий Геннадьевич |
| Идентификатор авторитетной/нормативной записи |
RU\NLR\AUTH\771726 |
| Системный номер авторитетной/нормативной записи |
111746 |
| 712 02 - НАИМЕНОВАНИЕ ОРГАНИЗАЦИИ - ВТОРИЧНАЯ ОТВЕТСТВЕННОСТЬ |
| Код отношения |
Печатник (типограф) |
| Начальный элемент ввода |
Сухопутный шляхетный кадетский корпус |
| Идентифицирующий признак |
Петербург |
| Структурное подразделение |
Типография |
| Идентификатор авторитетной/нормативной записи |
RU\NLR\AUTH\880627501 |
| Системный номер авторитетной/нормативной записи |
2659869 |
| 801 #0 - ИСТОЧНИК ЗАПИСИ |
| Страна |
российская федерация |
| Организация |
NLR |
| Дата составления |
19981120 |
| 852 ## - МЕСТОНАХОЖДЕНИЕ И ШИФР ХРАНЕНИЯ |
| Идентификатор организации |
NLR |
| Шифр хранения (Call Number) |
18.54.9.55 |
| 852 ## - МЕСТОНАХОЖДЕНИЕ И ШИФР ХРАНЕНИЯ |
| Идентификатор организации |
NLR |
| Шифр хранения (Call Number) |
137/1298 |
| 899 ## - ДАННЫЕ О МЕСТОНАХОЖДЕНИИ (устаревшее) |
| Местонахождение |
РГБ |
| 899 ## - ДАННЫЕ О МЕСТОНАХОЖДЕНИИ (устаревшее) |
| Местонахождение |
БАН |
| 899 ## - ДАННЫЕ О МЕСТОНАХОЖДЕНИИ (устаревшее) |
| Местонахождение |
ИМПИ |
| 899 ## - ДАННЫЕ О МЕСТОНАХОЖДЕНИИ (устаревшее) |
| Местонахождение |
ГПИБ |
| 899 ## - ДАННЫЕ О МЕСТОНАХОЖДЕНИИ (устаревшее) |
| Местонахождение |
УОНБ |
| 899 ## - ДАННЫЕ О МЕСТОНАХОЖДЕНИИ (устаревшее) |
| Местонахождение |
ЯИАМЗ |
| 899 ## - ДАННЫЕ О МЕСТОНАХОЖДЕНИИ (устаревшее) |
| Местонахождение |
НГОНБ |
| 899 ## - ДАННЫЕ О МЕСТОНАХОЖДЕНИИ (устаревшее) |
| Местонахождение |
ФБ РГПУ |
| 942 ## - ДОПОЛНИТЕЛЬНЫЕ ЭЛЕМЕНТЫ ЗАПИСИ (АБИС) |
| Тип экземпляра АБИС |
Книга |
| 980 ## - КОЛЛЕКЦИЯ |
| Название коллекции |
Национальная библиография |
| 980 ## - КОЛЛЕКЦИЯ |
| Название коллекции |
Русская книга гражданской печати XVIII в. в библиотеках РФ |